000 00677cab a2200205 4500
001 WB2450-05
008 090401t1988 xxu||||| |||| 00| 0 eng d
035 _a(Sirsi) u5428
041 _aeng
245 _aCompetition for council work extended
260 _c1988
350 _a0
490 _aDoE News Release
_vno 685 7 December 1988, 3 pages
520 _aThe Government has announced that all council building and maintenance work except for highways and sewerage work, is to be put out to open competition from 1 October 1989.
650 _aCOMPETITIVE TENDERING
650 _aLOCAL AUTHORITIES
690 _aBUILT ENVIRONMENT
942 _n0
948 _c04/03/1997
999 _c3229
_d3229